| 000 | 00352nam a2200145 4500 | ||
|---|---|---|---|
| 001 | 4620 | ||
| 005 | 20181127173808.0 | ||
| 020 | 0 | 0 | _a9788120780071 |
| 090 | 0 | 0 | _a808.51 R8881s 2013 |
| 100 | 0 | 0 | _aRoy, S N. |
| 245 | 0 | 0 |
_aStanding ovation / _b _cS N Roy. _h |
| 260 | 0 | 0 |
_aNew Delhi : _bSterling, _c2013. |
| 300 | 0 | 0 | _a80 p. ; 25 cm. |
| 650 | 0 | 0 |
_aPublic speaking. _x |
| 999 |
_c3831 _d3831 |
||